Homoeopathic Guide To Family Health: (Record no. 191859)

MARC details
000 -LEADER
fixed length control field 00499nam a22001697a 4500
005 - DATE AND TIME OF LATEST TRANSACTION
control field 20220906103338.0
010 ## - LCCN (DPL NO)
LC control number ENG-134930
020 ## - INTERNATIONAL STANDARD BOOK NUMBER
International Standard Book Number 9788186268865
Terms of availability 3592.36
035 ## - SYSTEM CONTROL NUMBER
System control number EN-118462
037 ## - SOURCE OF ACQUISITION
Source of stock number/acquisition DBAD/PUB
082 ## - DEWEY DECIMAL CLASSIFICATION NUMBER
Classification number 615.532
100 ## - MAIN ENTRY--PERSONAL NAME
Personal name Tandon, R.K.
245 ## - TITLE STATEMENT
Title Homoeopathic Guide To Family Health:
Remainder of title Your Doctor At Home/
Statement of responsibility, etc R.K. Tandon and V.R. Bajaj
260 ## - PUBLICATION, DISTRIBUTION, ETC. (IMPRINT)
Name of publisher, distributor, etc Rajendra Publishing
Date of publication, distribution, etc 2019
300 ## - PHYSICAL DESCRIPTION
Extent 453p.
Other physical details Index
Dimensions 22cm(hb)
942 ## - ADDED ENTRY ELEMENTS (KOHA)
Source of classification or shelving scheme Dewey Decimal Classification
Item type English Books
Classification part 615.532
Call number suffix TAN
Holdings
Withdrawn status Lost status Not for loan Collection code Home library Current library Date acquired Source of acquisition Cost, normal purchase price Full call number Barcode Copy number Cost, replacement price Koha item type
    Not For Loan Reference Ashok Vihar Ashok Vihar 06/09/2022 DBAD/PUB 3592.36 615.532 TAN EN-118462 1 3592.36 English Books

© Delhi Public Library
Hit Counter
free hit counter